| 000 | 01299 a2200397 4500 | ||
|---|---|---|---|
| 999 |
_c50842 _d50842 |
||
| 001 | 50842 | ||
| 003 | ES-MaCES | ||
| 005 | 20180704122008.0 | ||
| 008 | 180704s2018 uk ||||| |||| 00| 0 eng d | ||
| 020 | _a9780141986104 | ||
| 040 |
_aES-MaCES _bspa _cES-MaCES |
||
| 100 | 1 |
_aMazzucato, Mariana _937960 |
|
| 245 | 1 | 4 |
_aThe entrepreneurial State _b : debunking public vs. private sector myths _cMariana Mazzucato |
| 260 |
_a[London] _bPenguin Books _c2018 |
||
| 300 |
_aXXIV, 260 p. _c20 cm |
||
| 500 | _aÍndices | ||
| 504 | _aBibliografía: p. 217-241 | ||
| 541 | _cCompra | ||
| 650 | 4 |
_927211 _apolítica gubernamental |
|
| 650 | 4 |
_930588 _acapacidad empresarial |
|
| 650 | 4 |
_930718 _acombinación de sector público y privado |
|
| 650 | 4 |
_928238 _atecnología |
|
| 650 | 4 |
_928236 _acambio tecnológico |
|
| 650 | 4 |
_928230 _ainnovación |
|
| 650 | 4 |
_928273 _ainvestigación y desarrollo |
|
| 650 | 4 |
_927618 _asector industrial |
|
| 650 | 4 |
_930785 _adesarrollo sostenible |
|
| 650 | 4 |
_929826 _arecursos renovables |
|
| 650 | 4 |
_928281 _aanálisis de costes y beneficios |
|
| 650 | 4 |
_928373 _aEstados Unidos |
|
| 650 | 4 |
_928846 _aestudio de casos |
|
| 653 | 1 | 0 | _aEconomía |
| 787 | 0 |
_tThe entrepreneurial State _w(ES-MaCES)44501 |
|
| 902 | _aLIB Libro | ||
| 942 |
_2CES _cBK _h0.0. |
||